Biblioteca

Psicología de la educación : Tomo 1 Psicopedagogía fundamental y didáctica / W. A. Kelly ; Gonzalo Gonzalvo Mainar, Traductor (Registro nro. 39724)

Detalles MARC
000 -LÍDER
Campo fijo de descripción fija 010170000a22002050004500
001 - NÚMERO DE CONTROL
Campo de control 9900
041 0# - CÓDIGO DE IDIOMA
Código de idioma para texto/pista de sonido o título separado
082 04 - NÚMERO DE CLASIFICACIÓN DECIMAL DEWEY
Número de clasificación G 370.15 K2957q
100 1# - ASIENTO PRINCIPAL--NOMBRE PERSONAL
Nombre personal Kelly, W. A.
245 10 - TÍTULO
Título del Material Psicología de la educación : Tomo 1 Psicopedagogía fundamental y didáctica / W. A. Kelly ; Gonzalo Gonzalvo Mainar, Traductor
250 ## - MENCIÓN DE EDICIÓN
Mención de edición 2 ed. revisada y ampliada
260 ## - PUBLICACIÓN, DISTRIBUCIÓN, ETC. (PIE DE IMPRENTA)
Lugar de publicación, distribución, etc. Madrid, España : Morata
300 ## - DESCRIPCIÓN FÍSICA
Extensión 359 Pag
336 ## - CONTENT TYPE
Content type term texto
Content type code txt
Source rdacontent
337 ## - MEDIA TYPE
Source rdamedia
Media type term sin mediación
Media type code n
338 ## - CARRIER TYPE
Source rdacarrier
Carrier type term volumen
Carrier type code nc
500 ## - NOTA GENERAL
Nota General Titulo original : Educational psychology
505 00 - NOTA DE CONTENIDO
Nota de contenido con formato preestablecido - El campo de la psicología pedagógica - Naturaleza del educando: El alma; El cuerpo - Facultades mentales del discípulo. Presupuestos de psicología general : La sensación; La percepción; La imaginación; La memoria; El proceso de asociación; La atención; El intelecto; La voluntad; Sentimientos y emociones; Formación de hábitos - Crecimiento y desarrollo del escolar - El aprendizaje
942 ## - TIPO DE MATERIAL (KOHA)
Tipo de Item KOHA Libros General
Existencias
Estado de Material Estado de Perdido Estado de Dañado No para Préstamo Colección Tomo Biblioteca de Origen Biblioteca Permanente Fecha de Adquisición Total de Préstamos Signatura Topográfica Código de Barras Última vez visto Última vez Préstado Ejemplar/Existencia Fecha de Remplazo Tipo de Material
        Colección General 1 Biblioteca FUSBC Biblioteca FUSBC 20/01/2005 2 G 370.15 K2957q 9292 05/09/2024 26/08/2024 1 26/01/2016 Libros General

Biblioteca FUSBC | Teléfono: (57+4) 349 88 10 Ext. 141| WhatsApp (+57) 3005338115 
E-mail: biblioteca@unisbc.edu.co | Calle 76 87-14 Robledo Palenque, Medellín, Colombia

Con tecnología Koha